000 01507nam a2200325Ia 4500
001 9780203104354
003 BD-DhSAU
005 20151012151718.0
006 a|||||s|||||||||||
007 cr||||
008 121109s2013 enk sb 001 0 eng d
020 _a9780203104354 (e-book : PDF)
040 _aBD-DhSAU
_cBD-DhSAU
090 _aHB615
_b.R65 2013
092 _a338.04
_bR784
100 1 _aRoper, Stephen,
_d1960-
245 1 0 _aEntrepreneurship
_h[electronic resource] :
_ba global perspective /
_cStephen Roper.
260 _aAbingdon, Oxon ;
_aNew York, N.Y. :
_bRoutledge,
_c2013.
300 _axiv, 153 p.
490 0 _aRoutledge-ISBE masters in entrepreneurship
504 _aIncludes bibliographical references (p. 130-144) and indexes.
505 0 _a1. Setting the scene -- 2. A world of enterprise -- 3. Enterprising nations -- 4. Who are the entrepreneurs? -- 5. The start-up decision -- 6. Understanding business success : strategy, luck and policy -- 7. Financing entrepreneurship -- 8. Small firms and innovation -- 9. Antisocial, unlawful and criminal enterprise -- 10. Enterprise policy -- 11. Looking forwards.
530 _aAlso available in print edition.
538 _aMode of access: World Wide Web.
650 0 _aEntrepreneurship.
650 0 _aEntrepreneurship
_vCross-cultural studies.
655 7 _aElectronic books.
_2lcsh
776 1 _z9780415695527 (hardback)
_z9780415695534 (pbk.)
856 4 0 _uhttp://www.tandfebooks.com/isbn/9780203104354
999 _c12398
_d12397